A history of Arabic literature / (Record no. 5333)

MARC details
000 -LEADER
fixed length control field 01163nac a22003251u 4500
003 - CONTROL NUMBER IDENTIFIER
control field EG-ScBUE
005 - DATE AND TIME OF LATEST TRANSACTION
control field 20220315101733.0
008 - FIXED-LENGTH DATA ELEMENTS--GENERAL INFORMATION
fixed length control field 200219r20022001ii f b 000 0 eng d
020 ## - INTERNATIONAL STANDARD BOOK NUMBER
International Standard Book Number 8187570687
020 ## - INTERNATIONAL STANDARD BOOK NUMBER
International Standard Book Number 9788187570684
035 ## - SYSTEM CONTROL NUMBER
System control number (OCoLC)806957
040 ## - CATALOGING SOURCE
Original cataloging agency EG-ScBUE
Language of cataloging eng
Description conventions rda
Transcribing agency EG-ScBUE
Modifying agency EG-ScBUE
082 04 - DEWEY DECIMAL CLASSIFICATION NUMBER
Classification number 892.709
Item number HUA
Edition number 22
100 1# - MAIN ENTRY--PERSONAL NAME
Personal name Huart, Clément,‏
Dates associated with a name 1854-1926,
Relator term author.
245 12 - TITLE STATEMENT
Title A history of Arabic literature /
Statement of responsibility, etc by Clement Huart, secretary-interpreter for oriental languages to the French government and professor at the Ecole des Langues Orientales in Paris.
250 ## - EDITION STATEMENT
Edition statement Reprint edition.
264 #1 - PUBLICATION, DISTRIBUTION, ETC. (IMPRINT)
Place of publication, distribution, etc New Delhi :
Name of publisher, distributor, etc Goodword Books,
Date of publication, distribution, etc 2002.
300 ## - PHYSICAL DESCRIPTION
Extent vii, 478 pages ;
Dimensions 20 cm.
336 ## - CONTENT TYPE
Source rdacontent
Content type term text
Content type code txt
337 ## - MEDIA TYPE
Source rdamedia
Media type term unmediated
Media type code n
338 ## - CARRIER TYPE
Source rdacarrier
Carrier type term volume
Carrier type code nc
490 0# - SERIES STATEMENT
Series statement Khayats oriental reprint
Volume number/sequential designation no. 20
500 ## - GENERAL NOTE
General note distributer: Al-Ahram
504 ## - BIBLIOGRAPHY, ETC. NOTE
Bibliography, etc Includes bibliographical references.
650 #7 - SUBJECT ADDED ENTRY--TOPICAL TERM
Topical term or geographic name as entry element Arabic literature
General subdivision History and criticism.
Source of heading or term BUEsh
651 ## - SUBJECT ADDED ENTRY--GEOGRAPHIC NAME
Source of heading or term BUEsh
653 ## - INDEX TERM--UNCONTROLLED
Resource For college Humanities: English
Arrived date list March2022
655 ## - INDEX TERM--GENRE/FORM
Form subdivision Reading book
9 (RLIN) 34232
942 ## - ADDED ENTRY ELEMENTS (KOHA)
Koha item type Book - Borrowing
Source of classification or shelving scheme Dewey Decimal Classification
Holdings
Withdrawn status Lost status Source of classification or shelving scheme Damaged status Not for loan Collection code Home library Current library Shelving location Date acquired Source of acquisition Full call number Barcode Date last seen Price effective from Koha item type
    Dewey Decimal Classification     Alahram Central Library Central Library Second Floor 24/10/2007 Purchase 892.709 HUA 000006573 15/07/2025 24/10/2007 Book - Borrowing
    Dewey Decimal Classification     Alahram Central Library Central Library Second Floor 26/05/2008 Purchase 892.709 HUA 000011539 15/07/2025 26/05/2008 Book - Borrowing